[Event "Konik Morski Rewala OPEN B"]
[Site "Rewal"]
[Date "2007.08.23"]
[Round "1.1"]
[White "Brudzinski, Maciej"]
[Black "Kasprzykowska, Joanna"]
[Result "1-0"]
[WhiteElo "2114"]
[BlackElo "1764"]
[PlyCount "95"]
[EventDate "2007.??.??"]

1. h4 d5 2. Nf3 c5 3. c4 e6 4. g3 Nc6 5. Bg2 Nf6 6. b3 b6 7. cxd5 exd5 8. Bb2
Be7 9. O-O O-O 10. d3 Bg4 11. Nbd2 Rc8 12. a3 Re8 13. Re1 h6 14. Qc2 d4 15. Nc4
Bf8 16. e4 dxe3 17. Nxe3 Bxf3 18. Bxf3 Nd4 19. Qd1 Qd6 20. Bg2 Rcd8 21. b4 cxb4
22. Qa4 bxa3 23. Bxa3 Qb8 24. Bb2 Qd6 25. Qxa7 Nb5 26. Qa4 Nd4 27. Nc4 Rxe1+
28. Rxe1 Qc5 29. Re5 Qb4 30. Qa6 Bc5 31. Qa3 Qxa3 32. Bxa3 Bxa3 33. Nxa3 Ng4
34. Re7 Nf5 35. Ra7 Nf6 36. Bh3 Nd4 37. Rb7 Nd5 38. Bg2 Ne2+ 39. Kf1 Nec3 40.
Nc4 f6 41. Be4 Nxe4 42. dxe4 Nc3 43. f3 b5 44. Ne3 Rd2 45. Nf5 Rd1+ 46. Kf2
Rd2+ 47. Ke3 Re2+ 48. Kd3 1-0

[Event "Konik Morski Rewala OPEN B"]
[Site "Rewal"]
[Date "2007.08.23"]
[Round "1.2"]
[White "Suwara, Piotr"]
[Black "Palacz, Krzysztof"]
[Result "1-0"]
[WhiteElo "1761"]
[BlackElo "2099"]
[PlyCount "59"]
[EventDate "2007.??.??"]

1. e4 c5 2. Nf3 Nc6 3. d4 cxd4 4. c3 dxc3 5. Nxc3 d6 6. Bc4 Nf6 7. e5 Ng4 8. e6
Bxe6 9. Bxe6 fxe6 10. Ng5 Nf6 11. Nxe6 Qd7 12. Ng5 h6 13. Nge4 Nxe4 14. Qh5+
Kd8 15. Nxe4 Qe6 16. f3 Ne5 17. O-O Rc8 18. Be3 g6 19. Qh4 b6 20. Nxd6 Rc2 21.
Qa4 Rc6 22. Ne4 a5 23. Rfd1+ Nd7 24. Bxb6+ Rxb6 25. Nc5 Qe3+ 26. Kh1 Ke8 27.
Nxd7 Rb4 28. Qc6 Kf7 29. Re1 Qf4 30. Ne5+ 1-0

[Event "Konik Morski Rewala OPEN B"]
[Site "Rewal"]
[Date "2007.08.23"]
[Round "1.3"]
[White "Czernicki, Bogdan"]
[Black "Szczurek, Natalia"]
[Result "1-0"]
[WhiteElo "2094"]
[BlackElo "1757"]
[PlyCount "101"]
[EventDate "2007.??.??"]

1. d4 d5 2. Nf3 Nf6 3. Bg5 Bf5 4. e3 e6 5. c3 c5 6. Bb5+ Nc6 7. Qa4 Qb6 8. Ne5
Rc8 9. Nd2 a6 10. Bxc6+ bxc6 11. O-O Qb5 12. Qb3 c4 13. Qxb5 cxb5 14. a3 Ne4
15. Nxe4 Bxe4 16. f3 Bc2 17. Rac1 Bb3 18. Bh4 f6 19. Ng4 h5 20. Nxf6+ gxf6 21.
Bxf6 Rg8 22. e4 a5 23. Bh4 b4 24. axb4 axb4 25. exd5 exd5 26. Rfe1+ Kf7 27. Re5
bxc3 28. bxc3 Bh6 29. Ra1 Ra8 30. Re7+ Kg6 31. Rae1 Ra6 32. R1e5 Bd2 33. Rxd5
Bxc3 34. Rg5+ Kh6 35. Rxg8 Bxd4+ 36. Kf1 Ra1+ 37. Re1 Rxe1+ 38. Bxe1 c3 39. Rc8
c2 40. Bd2+ Kg6 41. Ke2 Bf6 42. Kd3 Bb2 43. Rb8 c1=Q 44. Bxc1 Bxc1 45. Rxb3 Bf4
46. g3 Be5 47. Ke4 Bf6 48. Rb6 Kg7 49. Kf5 Be5 50. Rb7+ Kg8 51. Kg5 1-0

[Event "Konik Morski Rewala OPEN B"]
[Site "Rewal"]
[Date "2007.08.23"]
[Round "1.4"]
[White "Cieslar, Monika"]
[Black "Efinowicz, Michal"]
[Result "0-1"]
[WhiteElo "1754"]
[BlackElo "2078"]
[PlyCount "62"]
[EventDate "2007.??.??"]

1. e4 d6 2. d4 Nf6 3. Nc3 e5 4. dxe5 dxe5 5. Qxd8+ Kxd8 6. Bc4 Be6 7. Bxe6 fxe6
8. Nf3 Bd6 9. Ng5 Ke7 10. f3 Nc6 11. Be3 Na5 12. O-O-O Rhb8 13. Rd3 b5 14. Rhd1
Nc4 15. Bf2 a5 16. Ne2 a4 17. Rh1 b4 18. Kb1 c5 19. h4 a3 20. b3 Nb2 21. Rd2 c4
22. Nc1 h6 23. Nh3 Ne8 24. Be3 Nc7 25. Rf2 Nb5 26. Ne2 cxb3 27. cxb3 Rc8 28.
Rc1 Nd3 29. Rxc8 Rxc8 30. Rf1 Nc3+ 31. Nxc3 bxc3 0-1

[Event "Konik Morski Rewala OPEN B"]
[Site "Rewal"]
[Date "2007.08.23"]
[Round "1.5"]
[White "Chmielinska, Alicja"]
[Black "Leks, Maria"]
[Result "1/2-1/2"]
[WhiteElo "2073"]
[BlackElo "1749"]
[PlyCount "47"]
[EventDate "2007.??.??"]

1. e4 d5 2. exd5 Qxd5 3. d4 e5 4. dxe5 Qxe5+ 5. Qe2 Qxe2+ 6. Bxe2 Bf5 7. c3 Nf6
8. Bf4 c6 9. Nf3 Nd5 10. Bg3 Nd7 11. Nbd2 Bc5 12. Nb3 Be7 13. Nbd4 Bg6 14. O-O
N7f6 15. Nh4 Ne4 16. Rfe1 Nxg3 17. hxg3 O-O 18. Nxg6 hxg6 19. Bc4 Bf6 20. Bxd5
cxd5 21. Rad1 Rfe8 22. Rxe8+ Rxe8 23. Kf1 Rd8 24. f4 1/2-1/2

[Event "Konik Morski Rewala OPEN B"]
[Site "Rewal"]
[Date "2007.08.23"]
[Round "1.6"]
[White "Rosiak, Agata"]
[Black "Jonczyk, Krzysztof"]
[Result "0-1"]
[WhiteElo "1741"]
[BlackElo "2073"]
[PlyCount "92"]
[EventDate "2007.??.??"]

1. d4 d5 2. Nf3 Nf6 3. Bg5 Nbd7 4. e3 e6 5. Bd3 Be7 6. O-O O-O 7. Re1 b6 8. c4
Bb7 9. Na3 c5 10. Rc1 Rc8 11. b3 Re8 12. h3 Ne4 13. Bxe7 Qxe7 14. Bxe4 dxe4 15.
Nd2 Nf6 16. Qc2 cxd4 17. exd4 Red8 18. Nxe4 Rxd4 19. Nxf6+ Qxf6 20. Nb5 Qg5 21.
f4 Rxf4 22. Rf1 Rxf1+ 23. Kxf1 Bxg2+ 24. Kf2 Bxh3 25. Rg1 Qxb5 26. Rxg7+ Kf8
27. Rxf7+ Ke8 28. Qxh7 Qg5 29. Rf3 Bf5 30. Qh8+ Kd7 31. Qd4+ Kc7 32. Rg3 Qd8
33. Rg7+ Kc6 34. Qf4 Qd6 35. Qf3+ Kc5 36. b4+ Kxc4 37. Qb3+ Kd4 38. Qe3+ Kc4
39. Qb3+ Kd4 40. Qe3+ Kd5 41. Qf3+ Be4 42. Qd1+ Ke5 43. Qh5+ Bf5 44. Qh2+ Kd5
45. Qg2+ Kd4 46. Qf3 Qh2+ 0-1

[Event "Konik Morski Rewala OPEN B"]
[Site "Rewal"]
[Date "2007.08.23"]
[Round "1.7"]
[White "Pienkos, Slawomir"]
[Black "Malec, Sebastian"]
[Result "1-0"]
[WhiteElo "2064"]
[BlackElo "1740"]
[PlyCount "75"]
[EventDate "2007.??.??"]

1. e4 c5 2. f4 Nc6 3. Nf3 e6 4. d3 d5 5. e5 Nh6 6. g3 b6 7. Bh3 Nf5 8. O-O Bb7
9. Bxf5 exf5 10. c3 d4 11. c4 Be7 12. Qe2 O-O 13. Bd2 Qd7 14. Na3 a6 15. h4 Nd8
16. Rae1 h6 17. Kg2 Qc6 18. Nc2 b5 19. b4 bxc4 20. bxc5 cxd3 21. Qxd3 Ne6 22.
Qxf5 Bxc5 23. Qg4 Qa4 24. Rc1 d3 25. Ne3 Qxa2 26. Rf2 Bxf3+ 27. Qxf3 Nd4 28.
Qg4 Nb3 29. Rxc5 Nxc5 30. Nf5 g6 31. Nxh6+ Kh7 32. f5 Qa4 33. Qg5 Qe8 34. Ng4
f6 35. Nxf6+ Rxf6 36. exf6 Qf7 37. Qh6+ Kg8 38. fxg6 1-0

[Event "Konik Morski Rewala OPEN B"]
[Site "Rewal"]
[Date "2007.08.23"]
[Round "1.9"]
[White "Falkowski, Dawid"]
[Black "Borecki, Marek"]
[Result "1-0"]
[WhiteElo "2048"]
[BlackElo "1725"]
[PlyCount "43"]
[EventDate "2007.??.??"]

1. e4 e6 2. Nf3 d5 3. Nc3 c6 4. d4 dxe4 5. Nxe4 Nd7 6. Bd3 Ngf6 7. O-O Be7 8.
c3 O-O 9. Re1 c5 10. Qe2 Nxe4 11. Qxe4 Nf6 12. Qh4 g6 13. Bg5 cxd4 14. Rad1 Nd5
15. c4 Bxg5 16. Nxg5 Nf6 17. Bb1 Kg7 18. Rxd4 Qb6 19. b3 h6 20. Nf3 e5 21. Rxe5
g5 22. Rxg5+ 1-0

[Event "Konik Morski Rewala OPEN B"]
[Site "Rewal"]
[Date "2007.08.23"]
[Round "1.10"]
[White "Reichert, Jakub"]
[Black "Zielinski, Olgierd"]
[Result "1/2-1/2"]
[WhiteElo "1721"]
[BlackElo "2044"]
[PlyCount "59"]
[EventDate "2007.??.??"]

1. c4 e5 2. Nc3 f5 3. e4 d6 4. d3 Nf6 5. g3 fxe4 6. Nxe4 Nxe4 7. dxe4 Be6 8. b3
Nc6 9. Bb2 Qd7 10. Ne2 Bg4 11. Bg2 O-O-O 12. h3 Be6 13. Qd2 h5 14. O-O-O g5 15.
Kb1 Bh6 16. Qe1 Rhf8 17. f3 Qf7 18. g4 h4 19. Rd3 Qg6 20. Bc1 d5 21. cxd5 Bxd5
22. Qc3 Bg8 23. Rhd1 Rxd3 24. Rxd3 Rd8 25. Ba3 Qf6 26. b4 a6 27. Bf1 Bf8 28.
Rxd8+ Qxd8 29. Nc1 Nd4 30. Bg2 1/2-1/2

[Event "Konik Morski Rewala OPEN B"]
[Site "Rewal"]
[Date "2007.08.23"]
[Round "1.11"]
[White "Kopinski, Tomasz"]
[Black "Starczewska, Dominika"]
[Result "1/2-1/2"]
[WhiteElo "2032"]
[BlackElo "1710"]
[PlyCount "72"]
[EventDate "2007.??.??"]

1. e4 e6 2. d4 d5 3. Nc3 Nf6 4. Bd3 Bb4 5. Bg5 dxe4 6. Bxe4 c6 7. Qd3 Nbd7 8.
Nge2 Qa5 9. Bd2 Nb6 10. a3 Nbd5 11. O-O Bxc3 12. Nxc3 Qc7 13. Ne2 b6 14. c4 Ba6
15. b3 Rd8 16. Qf3 Nxe4 17. Qxe4 Nf6 18. Qf3 h6 19. Bf4 Qd7 20. Be5 Ke7 21.
Rad1 Ne8 22. Nf4 Rg8 23. Rfe1 g5 24. Nh5 Rg6 25. d5 cxd5 26. cxd5 Bb7 27. Qc3
Qb5 28. d6+ Kf8 29. Bf6 Rd7 30. Be7+ Kg8 31. a4 Qc6 32. Qf3 e5 33. Rc1 Qd5 34.
Rcd1 Qc6 35. Rxe5 Qc2 36. Ree1 Re6 1/2-1/2

[Event "Konik Morski Rewala OPEN B"]
[Site "Rewal"]
[Date "2007.08.23"]
[Round "1.12"]
[White "Biszof, Henryk"]
[Black "Swiech, Piotr"]
[Result "1-0"]
[WhiteElo "1704"]
[BlackElo "2031"]
[PlyCount "94"]
[EventDate "2007.??.??"]

1. e4 c5 2. Nf3 Nc6 3. d4 cxd4 4. c3 dxc3 5. Nxc3 d6 6. Bc4 Nf6 7. O-O e6 8.
Qe2 Be7 9. Rd1 e5 10. h3 O-O 11. Bg5 Be6 12. Bxe6 fxe6 13. Qc4 Qd7 14. Rac1
Rad8 15. Qb3 a6 16. a4 Nh5 17. Ne2 Rxf3 18. Qxf3 Bxg5 19. Qxh5 Bxc1 20. Rxc1 d5
21. Rd1 Qf7 22. Qg5 Qf6 23. Qg4 d4 24. Rd3 Nb4 25. Rf3 Qe7 26. Qh5 Qc7 27. Rg3
Na2 28. Qh6 Qd7 29. Qd2 d3 30. Nc3 Nxc3 31. bxc3 Qxa4 32. Rxd3 Rxd3 33. Qxd3
Qc6 34. f3 Qc7 35. c4 a5 36. Qb3 Kf7 37. Qa4 Qc5+ 38. Kh2 b5 39. Qxa5 bxc4 40.
Qa7+ Kf6 41. Qd7 c3 42. Qd8+ Kg6 43. Qd7 Kf6 44. Qd8+ Kg6 45. Qe8+ Kf6 46. Qd8+
Kf7 47. Qd7+ Kf6 1-0

[Event "Konik Morski Rewala OPEN B"]
[Site "Rewal"]
[Date "2007.08.23"]
[Round "1.13"]
[White "Czachor, Grzegorz"]
[Black "Stankiewicz, Pawel"]
[Result "1-0"]
[WhiteElo "2029"]
[BlackElo "1692"]
[PlyCount "51"]
[EventDate "2007.??.??"]

1. e4 e6 2. d4 d5 3. Nc3 dxe4 4. Nxe4 Be7 5. Nf3 Nd7 6. Bd3 Ngf6 7. Qe2 b6 8.
Bd2 Bb7 9. O-O O-O 10. Ne5 Nxe4 11. Bxe4 Bxe4 12. Qxe4 Nf6 13. Qd3 c5 14. Nc6
Qc7 15. Nxe7+ Qxe7 16. Bg5 Rac8 17. Rfe1 Rfd8 18. d5 Qb7 19. Bxf6 gxf6 20. Qg3+
Kh8 21. d6 Qd7 22. Qh4 Kg7 23. Re3 h6 24. Rg3+ Kh7 25. Rh3 Kg8 26. Qxh6 1-0

[Event "Konik Morski Rewala OPEN B"]
[Site "Rewal"]
[Date "2007.08.23"]
[Round "1.14"]
[White "Kurcius, Ewa"]
[Black "Sokolowski, Krzysztof"]
[Result "0-1"]
[WhiteElo "1676"]
[BlackElo "2028"]
[PlyCount "102"]
[EventDate "2007.??.??"]

1. e4 c5 2. Nf3 d6 3. d4 cxd4 4. Nxd4 Nf6 5. Nc3 a6 6. Bc4 e6 7. O-O Be7 8. Kh1
Qc7 9. Bb3 b5 10. a3 Nc6 11. Qd3 O-O 12. Nce2 Ne5 13. Qe3 Nc4 14. Qd3 Bb7 15.
f3 d5 16. exd5 Nxd5 17. Bxc4 bxc4 18. Qd1 c3 19. b3 Rfd8 20. Qe1 Bf6 21. Qf2
Qd7 22. Ng3 Bh4 23. Nde2 a5 24. Qd4 Qe7 25. Nh5 f5 26. g3 Bf6 27. Nxf6+ Qxf6
28. Qxf6 gxf6 29. Nd4 Kf7 30. Kg2 Nf4+ 31. Bxf4 Rxd4 32. Bc7 Rd7 33. Bb6 Ra6
34. Bc5 Rd5 35. Rad1 Rxc5 36. Rd7+ Kg6 37. Rxb7 Rd6 38. b4 axb4 39. Rxb4 Rd2+
40. Rf2 Rcd5 41. Rc4 Rxf2+ 42. Kxf2 Rd2+ 43. Ke3 Rxc2 44. h4 Rg2 45. g4 c2 46.
gxf5+ Kxf5 47. Kd3 Rf2 48. Ke3 Rh2 49. a4 Rxh4 50. Rxc2 Rxa4 51. Rh2 Ra7 0-1

[Event "Konik Morski Rewala OPEN B"]
[Site "Rewal"]
[Date "2007.08.23"]
[Round "1.15"]
[White "Witek, Pawel"]
[Black "Kowalczyk, Sabina"]
[Result "1-0"]
[WhiteElo "1996"]
[BlackElo "1660"]
[PlyCount "53"]
[EventDate "2007.??.??"]

1. d4 d5 2. c4 e6 3. Nc3 Nf6 4. cxd5 exd5 5. Bg5 c6 6. Qc2 Be6 7. e3 Nbd7 8.
Bd3 Bd6 9. Nge2 h6 10. Bh4 Qc7 11. h3 Be7 12. Nf4 Nf8 13. Bxf6 Bxf6 14. Ncxd5
Bxd5 15. Nxd5 Qa5+ 16. Nc3 Ne6 17. O-O O-O 18. Bc4 Rfe8 19. Bxe6 Rxe6 20. Rad1
Rd8 21. Qb3 Re7 22. Rd3 Red7 23. Ne4 Be7 24. Rfd1 Rd5 25. Qxb7 R8d7 26. Qxc6
Qxa2 27. Nc3 1-0

[Event "Konik Morski Rewala OPEN B"]
[Site "Rewal"]
[Date "2007.08.23"]
[Round "2.1"]
[White "Wilm, Guenter"]
[Black "Brudzinski, Maciej"]
[Result "1/2-1/2"]
[WhiteElo "1862"]
[BlackElo "2114"]
[PlyCount "85"]
[EventDate "2007.??.??"]

1. e4 c5 2. Nf3 Nf6 3. e5 Nd5 4. c4 Nc7 5. d4 cxd4 6. Nxd4 Nc6 7. Nxc6 bxc6 8.
Bd3 g6 9. O-O Bg7 10. f4 O-O 11. Nc3 d6 12. exd6 exd6 13. f5 d5 14. fxg6 hxg6
15. cxd5 cxd5 16. Bd2 Ne6 17. Rc1 Bb7 18. b3 Qh4 19. Qe2 Bd4+ 20. Kh1 Kg7 21.
Nb5 Bf6 22. Qf2 Rh8 23. Qxh4 Rxh4 24. Nd6 Rb8 25. Rf2 Ba8 26. g3 Rh7 27. Rcf1
Rbh8 28. Nxf7 Rxh2+ 29. Rxh2 Rxh2+ 30. Kxh2 Kxf7 31. Bc3 d4 32. Bb2 Bd5 33. Bc4
Bxc4 34. bxc4 Ke7 35. Rxf6 Kxf6 36. Kg2 Ke5 37. Kf3 Ng5+ 38. Ke2 Ne4 39. g4 Nc5
40. Kf3 a6 41. Bc1 Nd3 42. Bd2 Nb2 43. Bf4+ 1/2-1/2

[Event "Konik Morski Rewala OPEN B"]
[Site "Rewal"]
[Date "2007.08.23"]
[Round "2.2"]
[White "Bukwa, Karolina"]
[Black "Czernicki, Bogdan"]
[Result "0-1"]
[WhiteElo "1860"]
[BlackElo "2094"]
[PlyCount "96"]
[EventDate "2007.??.??"]

1. d4 Nf6 2. Nf3 g6 3. e3 Bg7 4. Be2 O-O 5. O-O b6 6. b3 Bb7 7. Bb2 e6 8. c4
Ne4 9. Nbd2 f5 10. Rc1 d6 11. Qc2 Nd7 12. Ne1 g5 13. f3 Nxd2 14. Qxd2 Qe7 15.
Nd3 Rad8 16. Nf2 Nf6 17. Qc2 c5 18. Rfd1 Qf7 19. d5 Ne8 20. dxe6 Qxe6 21. Bxg7
Nxg7 22. Qd2 h6 23. Bd3 Qf6 24. e4 f4 25. Bb1 h5 26. Qc3 Qxc3 27. Rxc3 Ne6 28.
e5 Nd4 29. Re1 Rfe8 30. Bg6 Rxe5 31. Rxe5 dxe5 32. Kf1 h4 33. Ng4 Nc6 34. Be4
Rd1+ 35. Ke2 Ra1 36. a4 Nd4+ 37. Kf2 Bxe4 38. fxe4 Ra2+ 39. Kf1 Rb2 40. Nxe5
Nxb3 41. Nf3 Nd2+ 42. Nxd2 Rxd2 43. a5 Kf7 44. axb6 axb6 45. Rb3 Rd4 46. Rxb6
Rxe4 47. Rc6 Rxc4 48. Kf2 g4 0-1

[Event "Konik Morski Rewala OPEN B"]
[Site "Rewal"]
[Date "2007.08.23"]
[Round "2.3"]
[White "Efinowicz, Michal"]
[Black "Goslawski, Michal"]
[Result "1-0"]
[WhiteElo "2078"]
[BlackElo "1853"]
[PlyCount "93"]
[EventDate "2007.??.??"]

1. d3 d5 2. Nf3 Nf6 3. Nbd2 Bg4 4. Ne5 Bf5 5. c4 e6 6. Qb3 Qc8 7. g3 c6 8. Bg2
Nbd7 9. Nxd7 Nxd7 10. e4 Bg6 11. O-O dxe4 12. dxe4 e5 13. Rd1 Qc7 14. Nf1 Bc5
15. Be3 Bxe3 16. Qxe3 O-O 17. c5 f5 18. exf5 Bxf5 19. Rd6 Rae8 20. Rad1 Nf6 21.
Qg5 Be6 22. Ne3 h6 23. Qg6 Bf7 24. Qc2 e4 25. R1d4 Kh8 26. Bxe4 Nxe4 27. Rxe4
Rxe4 28. Qxe4 Bxa2 29. Qd4 Qf7 30. Rxh6+ Kg8 31. Ng4 Be6 32. Rh4 Bxg4 33. Rxg4
Re8 34. h4 Re1+ 35. Kh2 Re7 36. Rf4 Qe6 37. Kg2 Rd7 38. Qe4 Qxe4+ 39. Rxe4 b6
40. Re8+ Kf7 41. Rc8 bxc5 42. Rxc6 Ke7 43. Rxc5 Kd6 44. Rc2 Rb7 45. Kf3 Kd5 46.
Kg4 Kd4 47. f4 1-0

[Event "Konik Morski Rewala OPEN B"]
[Site "Rewal"]
[Date "2007.08.23"]
[Round "2.4"]
[White "Jonczyk, Krzysztof"]
[Black "Chojnacka, Magdalena"]
[Result "0-1"]
[WhiteElo "2073"]
[BlackElo "1846"]
[PlyCount "57"]
[EventDate "2007.??.??"]

1. e4 c5 2. Nf3 Nc6 3. d4 cxd4 4. Nxd4 Nf6 5. Nc3 e5 6. Ndb5 d6 7. Bg5 a6 8.
Na3 b5 9. Bxf6 gxf6 10. Nd5 Bg7 11. g3 Ne7 12. Nxe7 Qxe7 13. Bg2 Bb7 14. O-O f5
15. exf5 e4 16. c3 d5 17. Nc2 O-O 18. a4 Rfd8 19. Qe2 Qd7 20. Rfd1 Qxf5 21.
axb5 Qe6 22. bxa6 Bxa6 23. Qh5 Rab8 24. Nd4 Qf6 25. Qf5 Rb6 26. Ra5 Bc4 27. b4
Qxf5 28. Nxf5 Bd3 29. Nd4 0-1

[Event "Konik Morski Rewala OPEN B"]
[Site "Rewal"]
[Date "2007.08.23"]
[Round "2.5"]
[White "Wojtaszewski, Piotr"]
[Black "Pienkos, Slawomir"]
[Result "1-0"]
[WhiteElo "1848"]
[BlackElo "2064"]
[PlyCount "75"]
[EventDate "2007.??.??"]

1. d4 d6 2. e4 g6 3. Bc4 Bg7 4. Ne2 Nc6 5. Be3 a6 6. a4 Bd7 7. c3 Nf6 8. f3 e5
9. Qd2 Na5 10. Ba2 O-O 11. dxe5 dxe5 12. b4 Nc6 13. O-O Be6 14. Bxe6 fxe6 15.
Qc1 b6 16. Ra2 Qe7 17. a5 Rfc8 18. axb6 cxb6 19. Qb2 b5 20. Nd2 Ne8 21. Nc1 Qh4
22. Ncb3 Bh6 23. Bf2 Qe7 24. Rfa1 Nc7 25. Nc5 Rd8 26. Ndb3 Nb8 27. Qe2 Kf7 28.
Bg3 Bf4 29. Bxf4 exf4 30. e5 Nd5 31. Qc2 Qg5 32. Qe4 Ra7 33. Rc1 Nc6 34. Nd4
Nxd4 35. Qxd4 Ne3 36. Ne4 Re7 37. Nd6+ Kg7 38. Qxf4 1-0

[Event "Konik Morski Rewala OPEN B"]
[Site "Rewal"]
[Date "2007.08.23"]
[Round "2.6"]
[White "Skwarnicki, Adam"]
[Black "Musialkiewicz, Pawel"]
[Result "1-0"]
[WhiteElo "2063"]
[BlackElo "1839"]
[PlyCount "51"]
[EventDate "2007.??.??"]

1. Nf3 Nf6 2. d4 d5 3. c4 e6 4. g3 c6 5. Bg2 Nbd7 6. O-O dxc4 7. Nbd2 b5 8. a4
Qb6 9. e4 Bb4 10. Qe2 O-O 11. Re1 Bb7 12. e5 Nd5 13. Ne4 a6 14. Neg5 g6 15. Qe4
Rfe8 16. Qh4 Nf8 17. Ne4 Qd8 18. Qh6 f5 19. exf6 Nxf6 20. Bg5 Be7 21. Nc5 Bxc5
22. dxc5 Qe7 23. Qh4 Kg7 24. Ne5 Rac8 25. Ng4 Qxc5 26. Bxf6+ 1-0

[Event "Konik Morski Rewala OPEN B"]
[Site "Rewal"]
[Date "2007.08.23"]
[Round "2.7"]
[White "Dunne, Paul"]
[Black "Falkowski, Dawid"]
[Result "1/2-1/2"]
[WhiteElo "1847"]
[BlackElo "2048"]
[PlyCount "73"]
[EventDate "2007.??.??"]

1. e4 e5 2. d4 exd4 3. c3 d5 4. exd5 Qxd5 5. cxd4 Nc6 6. Nf3 Bg4 7. Be2 O-O-O
8. Nc3 Qa5 9. Be3 Nf6 10. O-O Bd6 11. a3 Nd5 12. Nxd5 Qxd5 13. Qa4 Kb8 14. Rac1
Qh5 15. Rxc6 Bxf3 16. Rxd6 Bxe2 17. Rxd8+ Rxd8 18. Rc1 Qg4 19. h3 Qe4 20. Qa5
Rd7 21. d5 b6 22. Qc3 f5 23. d6 f4 24. dxc7+ Kc8 25. Qb3 Rxc7 26. Qg8+ Kb7 27.
Rxc7+ Kxc7 28. Qxg7+ Kc6 29. Qf6+ Kb5 30. Bxf4 Bc4 31. Qe5+ Qxe5 32. Bxe5 Kc5
33. g4 Kd5 34. f4 Ke4 35. Kf2 a5 36. Kg3 a4 37. h4 1/2-1/2

[Event "Konik Morski Rewala OPEN B"]
[Site "Rewal"]
[Date "2007.08.23"]
[Round "2.8"]
[White "Wisniowska, Klaudia"]
[Black "Czachor, Grzegorz"]
[Result "0-1"]
[WhiteElo "1846"]
[BlackElo "2029"]
[PlyCount "64"]
[EventDate "2007.??.??"]

1. e4 d5 2. exd5 Nf6 3. Bb5+ Bd7 4. Bc4 Bg4 5. f3 Bf5 6. Nc3 Nbd7 7. Nge2 Nb6
8. b3 Nfxd5 9. Nxd5 Nxd5 10. Ng3 Bg6 11. Bb2 h5 12. Ne4 e6 13. O-O h4 14. Qe2
c6 15. Rae1 Qb6+ 16. Kh1 O-O-O 17. a4 Bf5 18. a5 Qxa5 19. Ra1 Qb6 20. Ra4 a6
21. Rfa1 Nf4 22. Qf1 Nh5 23. Bxa6 Bxe4 24. Bxb7+ Kc7 25. Be5+ Bd6 26. Bd4 Bc5
27. Be5+ Kxb7 28. Ra7+ Qxa7 29. Rxa7+ Bxa7 30. fxe4 f6 31. Qc4 fxe5 32. Qb4+
Ka8 0-1

[Event "Konik Morski Rewala OPEN B"]
[Site "Rewal"]
[Date "2007.08.23"]
[Round "2.9"]
[White "Sokolowski, Krzysztof"]
[Black "Siedlinski, Piotr"]
[Result "1/2-1/2"]
[WhiteElo "2028"]
[BlackElo "1838"]
[PlyCount "77"]
[EventDate "2007.??.??"]

1. e4 d5 2. exd5 Qxd5 3. Nc3 Qa5 4. d4 c6 5. Bc4 Bf5 6. Nf3 e6 7. Bd2 Nf6 8.
O-O Qc7 9. Re1 Bd6 10. h3 h6 11. Bd3 Bxd3 12. cxd3 Nbd7 13. Rc1 Qd8 14. Qb3 Qb6
15. Qc4 O-O 16. Ne4 Be7 17. Nc5 Nxc5 18. dxc5 Qc7 19. Bf4 Qc8 20. b4 Nd5 21.
Bg3 a6 22. a4 Rd8 23. b5 axb5 24. axb5 cxb5 25. Qxb5 Qc6 26. Qb3 Bf6 27. Ne5
Bxe5 28. Bxe5 Ra5 29. d4 Rb5 30. Qg3 f6 31. Bd6 Re8 32. Qg6 Rb4 33. Rb1 Rxb1
34. Rxb1 Ra8 35. Rb3 Qd7 36. Rg3 Kh8 37. Qe4 Kg8 38. Qg6 Kh8 39. Qe4 1/2-1/2

[Event "Konik Morski Rewala OPEN B"]
[Site "Rewal"]
[Date "2007.08.23"]
[Round "2.10"]
[White "Graczyk, Damian"]
[Black "Witek, Pawel"]
[Result "1-0"]
[WhiteElo "1839"]
[BlackElo "1996"]
[PlyCount "91"]
[EventDate "2007.??.??"]

1. c4 g6 2. d4 Bg7 3. g3 d6 4. Bg2 Nf6 5. Nf3 O-O 6. O-O c6 7. Nc3 a5 8. Re1
Qc7 9. e4 e5 10. d5 Nbd7 11. Rb1 Nc5 12. b3 Ne8 13. Ba3 f5 14. Bxc5 dxc5 15.
dxc6 bxc6 16. Qe2 f4 17. Na4 Qe7 18. Nb6 Rb8 19. Nxc8 Rxc8 20. Bh3 Rd8 21. Red1
Nd6 22. Rd3 fxg3 23. hxg3 g5 24. Bg4 Nf7 25. Rbd1 Nh6 26. Rd7 Rxd7 27. Rxd7 Qf6
28. Nh2 Nf7 29. Bf5 Nh6 30. Bg4 Rd8 31. Qd1 Nf7 32. Bf5 Rxd7 33. Qxd7 Qd6 34.
Qe8+ Bf8 35. Bxh7+ Kg7 36. Bf5 Nh6 37. Nf3 Nxf5 38. exf5 Be7 39. Qh5 Qf6 40.
Qg4 Kf8 41. Qe4 Bd6 42. Qxc6 Ke7 43. g4 Kf7 44. Nd2 e4 45. Qd5+ Kg7 46. Nxe4
1-0

[Event "Konik Morski Rewala OPEN B"]
[Site "Rewal"]
[Date "2007.08.23"]
[Round "2.11"]
[White "Sitek, Dawid"]
[Black "Piesik, Piotr"]
[Result "1/2-1/2"]
[WhiteElo "1830"]
[BlackElo "1991"]
[PlyCount "93"]
[EventDate "2007.??.??"]

1. e4 e6 2. d4 d5 3. exd5 exd5 4. Bd3 Bd6 5. Ne2 Nf6 6. O-O O-O 7. Bf4 Bg4 8.
f3 Bh5 9. Bxd6 Qxd6 10. Ng3 Bg6 11. Bxg6 hxg6 12. c3 Nbd7 13. Re1 Rfe8 14. Nd2
Rxe1+ 15. Qxe1 Re8 16. Qf2 Nf8 17. Re1 Re6 18. Rxe6 Nxe6 19. Ndf1 Qa6 20. b3
Qd3 21. Qd2 Qb1 22. Ne2 g5 23. h3 Nh5 24. g3 Nf6 25. Kg2 Nd7 26. Ne3 Nb6 27.
Qc2 Qxc2 28. Nxc2 a5 29. Kf2 a4 30. Ke3 axb3 31. axb3 Nd8 32. Kd3 Nc6 33. Ne3
Kf8 34. c4 dxc4+ 35. bxc4 Ke7 36. f4 gxf4 37. Nxf4 Nd8 38. c5 Nc8 39. d5 b6 40.
c6 Nd6 41. Kd4 f6 42. h4 b5 43. g4 b4 44. Nd3 N8f7 45. Nxb4 Ne5 46. h5 Nf3+ 47.
Kd3 1/2-1/2

[Event "Konik Morski Rewala OPEN B"]
[Site "Rewal"]
[Date "2007.08.23"]
[Round "2.12"]
[White "Zmarzly, Aleksandra"]
[Black "Stypka, Zbigniew"]
[Result "0-1"]
[WhiteElo "1824"]
[BlackElo "1989"]
[PlyCount "60"]
[EventDate "2007.??.??"]

1. e4 c5 2. d4 cxd4 3. c3 Nf6 4. e5 Nd5 5. cxd4 d6 6. Bc4 Nb6 7. Bb5+ Bd7 8. e6
fxe6 9. Bd3 g6 10. Qg4 Qc7 11. Nc3 Nd5 12. Nxd5 exd5 13. Qh4 Bg7 14. Ne2 Nc6
15. Bd2 O-O-O 16. O-O e5 17. Nc3 Be6 18. Nb5 Qf7 19. Rac1 Kb8 20. dxe5 Bxe5 21.
Qa4 Bf5 22. Bxf5 gxf5 23. Qb3 Qd7 24. Bg5 Rc8 25. Rfd1 d4 26. Qa4 h6 27. Bh4 a6
28. Na3 Rc7 29. Nc4 Ne7 30. Qb3 Ng6 0-1

[Event "Konik Morski Rewala OPEN B"]
[Site "Rewal"]
[Date "2007.08.23"]
[Round "2.13"]
[White "Foltyn, Lukasz"]
[Black "Leczycki, Pawel"]
[Result "1/2-1/2"]
[WhiteElo "1986"]
[BlackElo "1821"]
[PlyCount "46"]
[EventDate "2007.??.??"]

1. e4 e5 2. Nf3 Nc6 3. Bb5 a6 4. Bxc6 dxc6 5. O-O Bg4 6. h3 Bxf3 7. Qxf3 Nf6 8.
d3 Be7 9. Be3 O-O 10. Nd2 Nd7 11. Qg4 Kh8 12. Nc4 b6 13. f4 Bf6 14. b3 c5 15.
Rad1 Qe7 16. fxe5 Nxe5 17. Nxe5 Qxe5 18. Kh1 Rfe8 19. Bf4 Qe7 20. e5 Bxe5 21.
Rfe1 Qd6 22. Bxe5 Rxe5 23. Rxe5 Qxe5 1/2-1/2

[Event "Konik Morski Rewala OPEN B"]
[Site "Rewal"]
[Date "2007.08.23"]
[Round "2.14"]
[White "Pacak, Patrycja"]
[Black "Solnicki, Michal"]
[Result "0-1"]
[WhiteElo "1808"]
[BlackElo "1975"]
[PlyCount "84"]
[EventDate "2007.??.??"]

1. e4 c5 2. Nc3 Nc6 3. g3 g6 4. Bg2 Bg7 5. d3 e6 6. Be3 d6 7. Qd2 Nge7 8. Bh6
O-O 9. h4 Re8 10. Bxg7 Kxg7 11. h5 Ng8 12. h6+ Kf8 13. Nf3 f6 14. O-O-O e5 15.
Nh4 g5 16. Ng6+ Kf7 17. Nh8+ Kf8 18. Qe2 Be6 19. Qh5 Ke7 20. Bh3 Qd7 21. Bxe6
Qxe6 22. Nd5+ Kd7 23. Nf7 Rf8 24. Nxg5 fxg5 25. Qxg5 Nge7 26. Nc3 Rxf2 27. g4
Rg8 28. Qh4 Rf4 29. Rdf1 Rgxg4 30. Rxf4 Rxf4 31. Qg3 Rg4 32. Qf2 Qg6 33. b3 Rg2
34. Qf3 Nd4 35. Qh3+ Qg4 36. Qxg4+ Rxg4 37. Rh2 b5 38. Nd1 Rg1 39. c3 Ne6 40.
Kc2 Nf4 41. Nf2 Rg2 42. Rxg2 Nxg2 0-1

[Event "Konik Morski Rewala OPEN B"]
[Site "Rewal"]
[Date "2007.08.23"]
[Round "2.15"]
[White "Grygierczyk, Wojciech"]
[Black "Kaniak, Monika"]
[Result "0-1"]
[WhiteElo "1808"]
[BlackElo "1950"]
[PlyCount "86"]
[EventDate "2007.??.??"]

1. d4 d5 2. c4 e6 3. cxd5 exd5 4. Nc3 Nf6 5. Bg5 Be7 6. e3 Bf5 7. Qb3 Nbd7 8.
Nf3 Nb6 9. Be2 O-O 10. O-O c6 11. Rac1 Re8 12. Na4 Bg4 13. Nc5 Rb8 14. Qa3 a6
15. Bf4 Ne4 16. Bxb8 Qxb8 17. Qb4 Qc7 18. Qe1 Bd6 19. h3 Bc8 20. Bd3 Qe7 21. b4
Bb8 22. Nd2 Bf5 23. Qe2 Qc7 24. f4 Ng3 25. Qf3 Nxf1 26. Nxf1 Bxd3 27. Nxd3 Nc4
28. Re1 Ba7 29. Nc5 a5 30. f5 axb4 31. f6 Bxc5 32. dxc5 g6 33. Rb1 Qa5 34. Qf4
Qxc5 35. Qh6 Qf8 36. Qf4 Qd6 37. Qxd6 Nxd6 38. Rxb4 Re6 39. Nh2 Rxf6 40. Ra4
Re6 41. Kf2 Nc4 42. Nf1 b5 43. Ra8+ Kg7 0-1